[Event "Tradewise Gibraltar AmatWk1"]
[Site "Gibraltar"]
[Date "2018.01.24"]
[Round "3.17"]
[White "Johansson, Daniel 1984"]
[Black "White, Gary"]
[Result "1-0"]
[WhiteElo "1832"]
[BlackElo "1663"]
[PlyCount "55"]
[EventDate "2018.01.22"]
[EventType "swiss"]
[EventRounds "5"]
[EventCountry "GGB"]

1. e4 Nf6 2. Nc3 d5 3. exd5 Nxd5 4. Nxd5 Qxd5 5. Qf3 Qe5+ 6. Qe3 Nc6 7. Qxe5
Nxe5 8. d4 Ng6 9. Nf3 Bf5 10. c3 O-O-O 11. Ng5 Be6 12. Nxe6 fxe6 13. h4 Rg8 14.
Bd3 Ne5 15. Bxh7 Rh8 16. Bc2 Nf7 17. Bb3 Rd6 18. Bf4 Rb6 19. O-O-O g6 20. Rhe1
Nd8 21. g3 a5 22. Re5 Rh5 23. Rde1 Bg7 24. Rxh5 gxh5 25. Bd1 Rb5 26. Be5 Bh6+
27. Kc2 c5 28. a4 1-0

[Event "Tradewise Gibraltar AmatWk1"]
[Site "Gibraltar"]
[Date "2018.01.24"]
[Round "3.18"]
[White "Jenssveen, Trym"]
[Black "Kearsley, Raymond J"]
[Result "1-0"]
[WhiteElo "1772"]
[BlackElo "1655"]
[PlyCount "49"]
[EventDate "2018.01.22"]
[EventType "swiss"]
[EventRounds "5"]
[EventCountry "GGB"]

1. e4 c5 2. d4 cxd4 3. c3 Nf6 4. e5 Nd5 5. cxd4 g6 6. Nf3 Bg7 7. Bc4 Nb6 8. Bb3
O-O 9. a4 a5 10. Nc3 d6 11. Bf4 Nc6 12. Qe2 dxe5 13. dxe5 Nd4 14. Nxd4 Qxd4 15.
Bg3 Bf5 16. O-O e6 17. Nb5 Qb4 18. Ra3 Nd7 19. Rd1 Rfd8 20. Rd4 Qc5 21. Qd2 Qc6
22. Bd1 Be4 23. Rc3 Qb6 24. Rxd7 Rxd7 25. Qxd7 1-0

[Event "Tradewise Gibraltar AmatWk1"]
[Site "Gibraltar"]
[Date "2018.01.24"]
[Round "3.19"]
[White "Oliva Parra, Ernesto"]
[Black "Odiase, Oluwaseun"]
[Result "0-1"]
[WhiteElo "1560"]
[BlackElo "1768"]
[PlyCount "124"]
[EventDate "2018.01.22"]
[EventType "swiss"]
[EventRounds "5"]
[EventCountry "GGB"]

1. e4 d6 2. Nf3 g6 3. Bc4 e6 4. d3 Bg7 5. c3 Ne7 6. Bg5 h6 7. Be3 c5 8. a3 a6
9. h3 Nd7 10. Nbd2 b5 11. Ba2 Bb7 12. Rc1 Rc8 13. Nf1 d5 14. Ng3 Qc7 15. O-O
O-O 16. Bb1 e5 17. Qd2 Kh7 18. d4 c4 19. dxe5 Nxe5 20. Nh2 Rfd8 21. Qe2 Nd3 22.
Rcd1 dxe4 23. Rd2 f5 24. Bd4 Bxd4 25. cxd4 Rxd4 26. Rfd1 Rcd8 27. Bxd3 Rxd3 28.
Nhf1 Nc6 29. Qe1 Nd4 30. Ne2 Nb3 31. Rxd3 Rxd3 32. Ne3 Qc5 33. Nf4 Rxd1 34.
Qxd1 Qd4 35. Ne6 Qxd1+ 36. Nxd1 g5 37. Nf8+ Kg7 38. Nd7 Kf7 39. Ne3 Ke6 40.
Nf8+ Ke7 41. Ng6+ Kf6 42. Nf8 Bc6 43. Kf1 Nd4 44. Ke1 Kf7 45. Nh7 Kg7 46. Nxg5
hxg5 47. Kd2 Kf6 48. Kc3 Ke5 49. g3 Nb3 50. Nc2 f4 51. Nb4 Bb7 52. a4 fxg3 53.
fxg3 e3 54. axb5 axb5 55. Nc2 Ke4 56. h4 gxh4 57. gxh4 Kf3 58. h5 Be4 59. Na3
e2 60. Nxb5 e1=Q+ 61. Kxc4 Na5+ 62. Kc5 Qf2+ 0-1

[Event "Tradewise Gibraltar AmatWk1"]
[Site "Gibraltar"]
[Date "2018.01.24"]
[Round "3.20"]
[White "Koreywo, Witold"]
[Black "D'haluin, Wim"]
[Result "1/2-1/2"]
[WhiteElo "1545"]
[BlackElo "1764"]
[PlyCount "56"]
[EventDate "2018.01.22"]
[EventType "swiss"]
[EventRounds "5"]
[EventCountry "GGB"]

1. d4 g6 2. Bf4 d6 3. e3 Bg7 4. Nf3 a6 5. a4 Nf6 6. Nbd2 Nbd7 7. h3 c5 8. c3
O-O 9. Bc4 cxd4 10. exd4 Nb6 11. Bb3 Bd7 12. O-O Bc6 13. Re1 Rc8 14. Bg5 Rc7
15. Bc2 Re8 16. Bf4 Nh5 17. Bh2 Bh6 18. Be4 Nf6 19. Bxc6 Rxc6 20. Qc2 Qd7 21.
Ne4 Nbd5 22. Nxf6+ Nxf6 23. a5 Rec8 24. Qd3 Nd5 25. Qe4 e6 26. Qh4 Bg7 27. Qe4
Rc4 28. Nd2 R4c6 1/2-1/2

[Event "Tradewise Gibraltar AmatWk1"]
[Site "Gibraltar"]
[Date "2018.01.24"]
[Round "3.21"]
[White "Mircov, Nicola-Alexandar"]
[Black "Savage, Neil"]
[Result "1-0"]
[WhiteElo "1754"]
[BlackElo "1630"]
[PlyCount "57"]
[EventDate "2018.01.22"]
[EventType "swiss"]
[EventRounds "5"]
[EventCountry "GGB"]

1. e4 g6 2. d4 Bg7 3. Nc3 c6 4. Bc4 d5 5. exd5 cxd5 6. Nxd5 Be6 7. Qf3 Bxd4 8.
Bf4 Bb6 9. O-O-O Qc8 10. Nxb6 axb6 11. Bxe6 fxe6 12. Be5 Nf6 13. Bxf6 exf6 14.
Qxf6 Rf8 15. Qh4 Rxa2 16. Kb1 Ra5 17. Nf3 Nc6 18. Qxh7 Ne7 19. Qh4 Qc5 20. Qd4
Kf7 21. Qxc5 bxc5 22. c4 b5 23. Ng5+ Ke8 24. Nxe6 Rxf2 25. Rd8+ Kf7 26. Rf8+
Kxe6 27. Rxf2 bxc4 28. Re1+ Kd7 29. Rf7 1-0

[Event "Tradewise Gibraltar AmatWk1"]
[Site "Gibraltar"]
[Date "2018.01.24"]
[Round "3.22"]
[White "Sevillano Garcia, Joaquin"]
[Black "Glacner, Karel"]
[Result "1-0"]
[WhiteElo "1751"]
[BlackElo "1560"]
[PlyCount "88"]
[EventDate "2018.01.22"]
[EventType "swiss"]
[EventRounds "5"]
[EventCountry "GGB"]

1. c4 c5 2. Nc3 Nc6 3. Nf3 g6 4. e3 d6 5. d4 Bg4 6. Be2 Bxf3 7. Bxf3 Bg7 8. O-O
cxd4 9. exd4 Nf6 10. Be3 O-O 11. Qd2 a6 12. Rad1 Re8 13. h3 Qc7 14. Rc1 Rad8
15. Rfd1 e6 16. Bg5 Ne7 17. g4 Nd7 18. b3 f6 19. Bh6 Nb6 20. Bxg7 Kxg7 21. Bg2
Nc6 22. Ne2 Qe7 23. Re1 d5 24. c5 Nd7 25. Nf4 Nf8 26. Bxd5 e5 27. Bxc6 bxc6 28.
Qc3 Rxd4 29. Qxd4 exd4 30. Rxe7+ Rxe7 31. Kf1 g5 32. Nd3 a5 33. Rc4 Ne6 34. Ra4
Nf4 35. Rxd4 Nxd3 36. Rxd3 Re5 37. Rc3 Kf7 38. f3 Ke6 39. Kf2 Kd5 40. Rc4 Re7
41. Ra4 Kxc5 42. Rxa5+ Kb4 43. Ra4+ Kb5 44. f4 h6 {No further moves were
recorded} 1-0

[Event "Tradewise Gibraltar AmatWk1"]
[Site "Gibraltar"]
[Date "2018.01.24"]
[Round "3.23"]
[White "Mielke, Torsten"]
[Black "Busch, Guenther"]
[Result "1-0"]
[WhiteElo "1739"]
[BlackElo "1537"]
[PlyCount "75"]
[EventDate "2018.01.22"]
[EventType "swiss"]
[EventRounds "5"]
[EventCountry "GGB"]

1. e4 d6 2. d4 g6 3. f4 Bg7 4. c3 a6 5. Bc4 e6 6. Nf3 b5 7. Bb3 Ne7 8. O-O O-O
9. Be3 Nd7 10. Nbd2 Bb7 11. Ng5 d5 12. e5 Nf5 13. Qe2 Nxe3 14. Qxe3 Rc8 15. Rf3
h6 16. Nh3 Re8 17. Raf1 f6 18. Rg3 Kh7 19. Nf3 Qe7 20. Nh4 Nf8 21. exf6 Bxf6
22. Nf3 c5 23. Ne5 cxd4 24. cxd4 Qg7 25. Qd3 Re7 26. Nf2 Bc6 27. Neg4 Be8 28.
Nxh6 Bh4 29. Rh3 Qf6 30. Nhg4 Qf5 31. Rxh4+ Kg7 32. Ne3 Qxd3 33. Nxd3 Nh7 34.
Ng4 Rec7 35. Nc5 Re7 36. Re1 Rc6 37. Bxd5 Rd6 38. Nxe6+ 1-0

[Event "Tradewise Gibraltar AmatWk1"]
[Site "Gibraltar"]
[Date "2018.01.24"]
[Round "3.25"]
[White "Olde, Karl Erik"]
[Black "Francois-Haugrin, Said"]
[Result "0-1"]
[WhiteElo "1402"]
[BlackElo "1714"]
[PlyCount "90"]
[EventDate "2018.01.22"]
[EventType "swiss"]
[EventRounds "5"]
[EventCountry "GGB"]

1. d4 Nf6 2. c4 c5 3. Nf3 cxd4 4. Nxd4 Nc6 5. e3 g6 6. Nc3 Bg7 7. Be2 O-O 8.
O-O a6 9. Bf3 Ne5 10. Be2 d6 11. f4 Nc6 12. Bf3 Qc7 13. b3 Nxd4 14. exd4 e5 15.
fxe5 dxe5 16. d5 e4 17. Be2 Qc5+ 18. Kh1 b5 19. Bb2 bxc4 20. Bxc4 Bf5 21. Qe2
Bg4 22. Qf2 e3 23. Qg3 h5 24. Na4 Qe7 25. d6 Qd8 26. Qxe3 Qxd6 27. h3 Rae8 28.
Qf4 Qxf4 29. Rxf4 Bf5 30. Ba3 Re4 31. Rxf5 gxf5 32. Bxf8 Bxf8 33. Rf1 f4 34.
Bxa6 h4 35. Bc4 Nh5 36. Rd1 Ng3+ 37. Kg1 Bb4 38. Rd8+ Kg7 39. Rd7 Be7 40. Kf2
Kf6 41. Kf3 Kg5 42. Rd5+ f5 43. Nc5 Re3+ 44. Kf2 Bxc5 45. a4 Re2+ 0-1

[Event "Tradewise Gibraltar AmatWk1"]
[Site "Gibraltar"]
[Date "2018.01.24"]
[Round "3.27"]
[White "Guegan, Michel"]
[Black "Haddock, Paul"]
[Result "1/2-1/2"]
[WhiteElo "1713"]
[BlackElo "1580"]
[PlyCount "42"]
[EventDate "2018.01.22"]
[EventType "swiss"]
[EventRounds "5"]
[EventCountry "GGB"]

1. d4 Nf6 2. Nf3 d6 3. Nc3 g6 4. e4 Bg7 5. Be3 a5 6. Qd2 O-O 7. Bh6 Bg4 8. Bxg7
Kxg7 9. Nh4 e5 10. Nf3 Nc6 11. dxe5 dxe5 12. Qxd8 Raxd8 13. Nd2 Nd4 14. Bd3 Be6
15. Nb3 Bxb3 16. axb3 Nxb3 17. Ra3 Nc5 18. Be2 b6 19. f3 Rd7 20. Ra1 Rfd8 21.
Rd1 Ne6 1/2-1/2

[Event "Tradewise Gibraltar AmatWk1"]
[Site "Gibraltar"]
[Date "2018.01.24"]
[Round "3.28"]
[White "Bullock, Lee"]
[Black "Lake, Andrew N"]
[Result "1-0"]
[WhiteElo "1572"]
[BlackElo "1703"]
[PlyCount "61"]
[EventDate "2018.01.22"]
[EventType "swiss"]
[EventRounds "5"]
[EventCountry "GGB"]

1. d4 Nf6 2. Bf4 d6 3. e3 h6 4. Bd3 c5 5. c3 Nc6 6. Nf3 Qb6 7. Qc2 g5 8. Bg3
Be6 9. Nbd2 Rc8 10. a3 g4 11. Nh4 cxd4 12. Bf5 dxc3 13. bxc3 Ne5 14. Bxe6 fxe6
15. Bxe5 dxe5 16. Qg6+ Kd7 17. Nc4 Qc5 18. Qd3+ Kc7 19. O-O Rd8 20. Qe2 Rg8 21.
Rab1 e4 22. a4 Rd3 23. Nd2 Rd6 24. Rb4 Kb8 25. Rfb1 b6 26. Rb5 Qxc3 27. Nc4 Rc6
28. Ne5 Qc1+ 29. Qf1 Qxf1+ 30. Kxf1 Nd5 31. Nxc6+ 1-0

[Event "Tradewise Gibraltar AmatWk1"]
[Site "Gibraltar"]
[Date "2018.01.24"]
[Round "3.29"]
[White "Volovik, Konstantin"]
[Black "Jackson, Paul R"]
[Result "0-1"]
[WhiteElo "1701"]
[BlackElo "1503"]
[PlyCount "134"]
[EventDate "2018.01.22"]
[EventType "swiss"]
[EventRounds "5"]
[EventCountry "GGB"]

1. b4 d5 2. Bb2 Nf6 3. e3 c6 4. Be2 Bf5 5. Nf3 e6 6. a3 Be7 7. O-O Nbd7 8. d3
h6 9. Nbd2 O-O 10. Ne5 Nxe5 11. Bxe5 Bd6 12. Nf3 Bxe5 13. Nxe5 Nd7 14. Nf3 Re8
15. Nd2 Nf6 16. Nb3 e5 17. Rc1 e4 18. Nd4 Bg6 19. Qd2 Rc8 20. f4 exf3 21. Nxf3
Qe7 22. d4 Qxe3+ 23. Qxe3 Rxe3 24. Bd1 Rxa3 25. c4 Re8 26. Ne5 Be4 27. Be2 Ra2
28. Rfe1 Rb2 29. b5 cxb5 30. cxb5 Re7 31. Rc8+ Kh7 32. Rf8 Bg6 33. Bf1 Nd7 34.
Rd8 Nxe5 35. dxe5 Be4 36. Rf8 a5 37. Rc1 Rc2 38. Rd1 Kg6 39. Rb8 Kf5 40. Ra1 d4
41. Rd8 d3 42. Bxd3 Bxd3 43. Rxd3 b6 44. Rd6 Re6 45. Rd7 Kg6 46. Rad1 Rc5 47.
Rb7 Rcxe5 48. Rdd7 Rf6 49. h3 h5 50. h4 Rxb5 51. Rd3 Rb4 52. g3 a4 53. Rbd7 b5
54. R7d5 Rb1+ 55. Kg2 b4 56. Rg5+ Kh6 57. g4 hxg4 58. Rd8 g6 59. Rxg4 a3 60.
Ra8 Rb2+ 61. Kg3 a2 62. h5 Rb3+ 63. Kh4 Ra3 64. Rxa3 bxa3 65. hxg6 a1=Q 66. g7
Qh1+ 67. Kg3 Rf3# 0-1

[Event "Tradewise Gibraltar AmatWk1"]
[Site "Gibraltar"]
[Date "2018.01.24"]
[Round "3.30"]
[White "Yilmaz, Kazim"]
[Black "Dhanwani, Aditya"]
[Result "1-0"]
[WhiteElo "1656"]
[BlackElo "1484"]
[PlyCount "107"]
[EventDate "2018.01.22"]
[EventType "swiss"]
[EventRounds "5"]
[EventCountry "GGB"]

1. Nf3 d5 2. d4 Nf6 3. c4 c6 4. cxd5 Nxd5 5. e4 Nf6 6. Nc3 Bg4 7. Be2 e6 8. O-O
Nbd7 9. d5 Bc5 10. dxe6 fxe6 11. Ng5 Bxe2 12. Qxe2 Qe7 13. Qc4 e5 14. Qe6 Rg8
15. Qxe7+ Bxe7 16. f3 Bc5+ 17. Kh1 O-O-O 18. Ne6 Rde8 19. Nxc5 Nxc5 20. Be3
Ncd7 21. Rad1 g5 22. g4 h6 23. Kg2 b6 24. b4 Kb7 25. a4 a6 26. Rd6 Kc7 27. Rfd1
Rg7 28. b5 axb5 29. axb5 Ree7 30. bxc6 Ne8 31. Rxd7+ Rxd7 32. Rxd7+ Rxd7 33.
cxd7 Kxd7 34. Bxb6 Kc6 35. Nd5 Nd6 36. Bf2 Nf7 37. h4 Kd6 38. hxg5 hxg5 39. Be3
Ke6 40. Kf2 Nd6 41. Bxg5 Nxe4+ 42. fxe4 Kd6 43. Bf6 Ke6 44. g5 Kf7 45. Bxe5 Kg6
46. Bf6 Kf7 47. Nf4 Ke8 48. g6 Kf8 49. e5 Kg8 50. e6 Kf8 51. e7+ Ke8 52. g7 Kf7
53. g8=Q+ Kxg8 54. e8=Q+ 1-0

[Event "Tradewise Gibraltar AmatWk1"]
[Site "Gibraltar"]
[Date "2018.01.24"]
[Round "3.31"]
[White "Popham, Sarah"]
[Black "Walshaw, David"]
[Result "0-1"]
[WhiteElo "1238"]
[BlackElo "1689"]
[PlyCount "64"]
[EventDate "2018.01.22"]
[EventType "swiss"]
[EventRounds "5"]
[EventCountry "GGB"]

1. Nf3 g6 2. g3 Bg7 3. Bg2 c5 4. O-O Nc6 5. d3 Nf6 6. Bd2 O-O 7. Qc1 Qc7 8. Bh6
b5 9. Bxg7 Kxg7 10. c4 b4 11. a3 Rb8 12. axb4 Rxb4 13. Nc3 d6 14. Qc2 Bg4 15.
h3 Bxf3 16. Bxf3 Nd4 17. Qd2 Nb3 18. Qc2 Nxa1 19. Rxa1 Rfb8 20. Ra2 Qc8 21. Kh2
Qc7 22. Nb5 Qb6 23. Rxa7 Rxb5 24. Rxe7 Rxb2 25. Qc3 Qb4 26. Qc1 Rb1 27. Qe3 Qe1
28. h4 Ng4+ 29. Kh3 Nxe3 30. fxe3 Qc3 31. Bd5 Qf6 32. Re4 Rh1+ 0-1

[Event "Tradewise Gibraltar AmatWk1"]
[Site "Gibraltar"]
[Date "2018.01.24"]
[Round "3.32"]
[White "Sagar, Siya"]
[Black "Davies, Cledwyn"]
[Result "0-1"]
[WhiteElo "1199"]
[BlackElo "1536"]
[PlyCount "74"]
[EventDate "2018.01.22"]
[EventType "swiss"]
[EventRounds "5"]
[EventCountry "GGB"]

1. e4 d5 2. exd5 Qxd5 3. Nc3 Qd8 4. d4 Nf6 5. Nf3 Bg4 6. Be2 e6 7. h3 Bh5 8. g4
Bg6 9. Be3 c6 10. Qd2 Bb4 11. Bd3 Qa5 12. a3 Nd5 13. Ne5 b5 14. Qc1 Bxc3+ 15.
bxc3 Qxc3+ 16. Ke2 Bxd3+ 17. Nxd3 Nd7 18. Rb1 Qa5 19. c4 Nc3+ 20. Kf1 Nxb1 21.
Qxb1 bxc4 22. Nb4 Rb8 23. Qe4 Qxa3 24. Nxc6 Rb3 25. d5 Nf6 26. Qxc4 Rb1+ 27.
Kg2 Rxh1 28. Kxh1 exd5 29. Qb5 O-O 30. Bc5 Qxh3+ 31. Kg1 Qxg4+ 32. Kf1 Qc4+ 33.
Qxc4 dxc4 34. Bxf8 Kxf8 35. Nxa7 c3 36. Ke2 Ne4 37. f3 c2 0-1

[Event "Tradewise Gibraltar AmatWk1"]
[Site "Gibraltar"]
[Date "2018.01.24"]
[Round "3.34"]
[White "Dhanwani, Aryan"]
[Black "Lassan, Szabolcs"]
[Result "1/2-1/2"]
[WhiteElo "1083"]
[BlackElo "1346"]
[PlyCount "124"]
[EventDate "2018.01.22"]
[EventType "swiss"]
[EventRounds "5"]
[EventCountry "GGB"]

1. e4 e5 2. Nf3 Nc6 3. Bc4 Bc5 4. d3 f6 5. Be3 d6 6. Nbd2 Nge7 7. Qe2 Bd7 8.
Nb3 Bxe3 9. Qxe3 Nb4 10. Qd2 c5 11. a3 Nbc6 12. O-O b6 13. Nc1 Qc7 14. Ne2 Na5
15. Ba2 O-O-O 16. Nc3 Bc6 17. b4 Nb7 18. Be6+ Kb8 19. Nh4 Ka8 20. Nf5 Nxf5 21.
Bxf5 d5 22. b5 d4 23. bxc6 Qxc6 24. Nd5 Nd6 25. Bh3 f5 26. Ne7 Qd7 27. Nxf5
Nxf5 28. Bxf5 Qf7 29. Qg5 Rd6 30. Bh3 Qg6 31. Qxe5 Rf8 32. Qg3 Qh6 33. Bg4 Rff6
34. Qh3 Qg5 35. Qg3 Rf4 36. Bf3 Qe5 37. Qh3 Rh6 38. Qc8+ Qb8 39. Qxb8+ Kxb8 40.
Be2 g5 41. g3 Rf8 42. a4 Rg6 43. a5 b5 44. Rab1 a6 45. Bg4 Kc7 46. Bh3 g4 47.
Bg2 h5 48. Rbe1 Rh8 49. Kh1 Rf8 50. h4 gxh3 51. Bxh3 Rgf6 52. f4 c4 53. Rc1 Rb8
54. Kh2 Kc6 55. f5 Re8 56. Rb1 Kc5 57. e5 Rxe5 58. Rbe1 Re3 59. Rxe3 dxe3 60.
Re1 Kd4 61. dxc4 bxc4 62. c3+ Kd3 1/2-1/2

[Event "Tradewise Gibraltar AmatWk1"]
[Site "Gibraltar"]
[Date "2018.01.24"]
[Round "3.36"]
[White "Mahbubani, Arun"]
[Black "Morris, Priscilla"]
[Result "0-1"]
[WhiteElo "1288"]
[BlackElo "1350"]
[PlyCount "82"]
[EventDate "2018.01.22"]
[EventType "swiss"]
[EventRounds "5"]
[EventCountry "GGB"]

1. e4 e5 2. Nf3 Nc6 3. d4 exd4 4. Nxd4 Qh4 5. Be3 Qxe4 6. Nc3 Bb4 7. Bd3 Qxg2
8. Be4 Bxc3+ 9. bxc3 Qxe4 10. Rf1 Nxd4 11. cxd4 d5 12. Kd2 Nf6 13. Re1 O-O 14.
f3 Qh4 15. Qe2 Bd7 16. Rg1 Rae8 17. Qg2 g6 18. c3 Nh5 19. Bg5 Nf4 20. Bxh4 Nxg2
21. Rxg2 Re6 22. f4 f5 23. Bg5 Rfe8 24. h4 h5 25. Rag1 Rb6 26. Kc1 Bb5 27. Bh6
Kf7 28. Rb2 a5 29. Kd2 Re2+ 30. Kc1 Rxb2 31. Kxb2 Bd3+ 32. Ka3 Rb5 33. Rd1 Be4
34. Rd2 c5 35. Ka4 Rb1 36. Kxa5 b6+ 37. Ka6 Rc1 38. dxc5 bxc5 39. Rb2 d4 40.
Rb7+ Bxb7+ 41. Kxb7 d3 0-1

[Event "Tradewise Gibraltar AmatWk1"]
[Site "Gibraltar"]
[Date "2018.01.25"]
[Round "4.1"]
[White "Stamenov, Valeriy"]
[Black "Garcia-Blazquez Perez, Manuel"]
[Result "1/2-1/2"]
[WhiteElo "1803"]
[BlackElo "1877"]
[PlyCount "98"]
[EventDate "2018.01.22"]
[EventType "swiss"]
[EventRounds "5"]
[EventCountry "GGB"]

1. e4 c5 2. Nc3 Nc6 3. f4 g6 4. Nf3 Bg7 5. Bc4 d6 6. O-O Nf6 7. d3 O-O 8. Qe1
Ne8 9. f5 e6 10. Bg5 Bf6 11. Qh4 Ne5 12. Bxf6 Nxf3+ 13. Rxf3 Qxf6 14. Qxf6 Nxf6
15. fxg6 fxg6 16. Raf1 Kg7 17. Nb5 d5 18. exd5 exd5 19. Bxd5 Bg4 20. Nc7 Bxf3
21. Bxf3 Rae8 22. Nxe8+ Rxe8 23. Kf2 Kf7 24. Re1 Rd8 25. Bxb7 Rb8 26. Ba6 Rxb2
27. Bc4+ Kf8 28. Bb3 a5 29. a4 Nd7 30. Re2 Rb1 31. Re6 Rd1 32. Ra6 Rd2+ 33. Kg3
Ne5 34. Rxa5 Nxd3 35. Ra7 Nc1 36. Rxh7 Nxb3 37. cxb3 Rd3+ 38. Kh4 Rxb3 39. Rc7
Rb4+ 40. g4 Rxa4 41. Kg5 Ra6 42. Rxc5 Kg7 43. Rc7+ Kg8 44. h4 Ra4 45. Rc6 Kh7
46. Rc7+ Kg8 47. h5 gxh5 48. Kxh5 Ra8 49. g5 Rb8 1/2-1/2

[Event "Tradewise Gibraltar AmatWk1"]
[Site "Gibraltar"]
[Date "2018.01.25"]
[Round "4.2"]
[White "Ashwani, Kumar Grover"]
[Black "Galvan Cipriani, Viviana"]
[Result "1-0"]
[WhiteElo "1752"]
[BlackElo "1826"]
[PlyCount "91"]
[EventDate "2018.01.22"]
[EventType "swiss"]
[EventRounds "5"]
[EventCountry "GGB"]

1. e4 c5 2. Nc3 Nc6 3. Nge2 e5 4. g3 g6 5. Bg2 Bg7 6. d3 Nge7 7. Be3 Nd4 8. Nd5
Nxd5 9. exd5 d6 10. c3 Nxe2 11. Qxe2 O-O 12. O-O-O b5 13. h4 h6 14. h5 g5 15.
f4 exf4 16. gxf4 g4 17. f5 Bxf5 18. Qd2 Kh7 19. Be4 Bxe4 20. dxe4 f5 21. exf5
Rxf5 22. Qd3 Qd7 23. Rhg1 c4 24. Qc2 Kh8 25. Rxg4 Rxd5 26. Rdg1 Rf8 27. Qg6
Rdf5 28. Qxg7+ Qxg7 29. Rxg7 Rf1+ 30. Kd2 Rxg1 31. Rxg1 Kh7 32. Bd4 Rf7 33. Rg6
d5 34. Ke3 a5 35. Be5 b4 36. Kd4 Rd7 37. Kc5 Rb7 38. Kxd5 bxc3 39. bxc3 a4 40.
Kxc4 a3 41. Rg7+ Rxg7 42. Bxg7 Kxg7 43. Kd5 Kf6 44. c4 Ke7 45. Kc6 Kd8 46. Kb7
1-0

[Event "Tradewise Gibraltar AmatWk1"]
[Site "Gibraltar"]
[Date "2018.01.25"]
[Round "4.3"]
[White "Cemborain Oricain, Alfonso"]
[Black "Kuenitz, Klaus"]
[Result "0-1"]
[WhiteElo "1886"]
[BlackElo "1767"]
[PlyCount "106"]
[EventDate "2018.01.22"]
[EventType "swiss"]
[EventRounds "5"]
[EventCountry "GGB"]

1. e4 e6 2. d3 d5 3. Nd2 c5 4. g3 Nf6 5. Bg2 Be7 6. Ngf3 Nc6 7. O-O Qc7 8. Re1
b6 9. Nf1 dxe4 10. dxe4 e5 11. Ne3 O-O 12. Nd5 Qd6 13. c3 Bb7 14. Qc2 Rad8 15.
Bg5 h6 16. Be3 Nxd5 17. exd5 Qxd5 18. Qf5 Bc8 19. Qc2 e4 20. Nd2 f5 21. Bf1 Ne5
22. Qa4 Qb7 23. Bg2 Nd3 24. Nxe4 b5 25. Nxc5 Qxg2+ 26. Kxg2 bxa4 27. Nxd3 Rxd3
28. Bxh6 Bf6 29. Be3 a3 30. bxa3 Bxc3 31. Red1 Bb7+ 32. Kg1 Rxe3 33. fxe3 Bxa1
34. Rxa1 Bd5 35. Rc1 Bxa2 36. Rc7 Rf7 37. Rc8+ Kh7 38. Rd8 Bb1 39. Kf2 g5 40.
Rd5 Be4 41. Ra5 g4 42. Ke1 Rb7 43. Kd1 Kg6 44. Kd2 Rb2+ 45. Kc3 Rxh2 46. Rxa7
Rg2 47. a4 Rxg3 48. Kd4 Rg1 49. a5 Rd1+ 50. Ke5 g3 51. Kf4 g2 52. Ra6+ Kf7 53.
Ra7+ Ke8 0-1

[Event "Tradewise Gibraltar AmatWk1"]
[Site "Gibraltar"]
[Date "2018.01.25"]
[Round "4.4"]
[White "Flynn, David"]
[Black "Klementys, Jerzy"]
[Result "1/2-1/2"]
[WhiteElo "1876"]
[BlackElo "1739"]
[PlyCount "66"]
[EventDate "2018.01.22"]
[EventType "swiss"]
[EventRounds "5"]
[EventCountry "GGB"]

1. e4 c5 2. c3 d5 3. exd5 Qxd5 4. d4 Nc6 5. Nf3 Nf6 6. Na3 cxd4 7. Nb5 Qd8 8.
Nbxd4 Nxd4 9. Nxd4 a6 10. Be2 e5 11. Nf3 Qxd1+ 12. Bxd1 Bd6 13. O-O O-O 14. Re1
Re8 15. Bg5 Nd7 16. Bb3 h6 17. Bf4 g5 18. Rad1 Bc7 19. Be3 Nf6 20. h4 g4 21.
Nd2 Kg7 22. Nc4 Be6 23. Nd6 Bxd6 24. Rxd6 Bxb3 25. axb3 h5 26. Bh6+ Kxh6 27.
Rxf6+ Kg7 28. Rb6 Re7 29. Re4 Rd8 30. Kf1 Rd2 31. Re2 Rd1+ 32. Re1 Rd2 33. Re2
Rd1+ 1/2-1/2

[Event "Tradewise Gibraltar AmatWk1"]
[Site "Gibraltar"]
[Date "2018.01.25"]
[Round "4.5"]
[White "Atakay, Mustafa"]
[Black "Kurzok, Zenon"]
[Result "0-1"]
[WhiteElo "1874"]
[BlackElo "1728"]
[PlyCount "52"]
[EventDate "2018.01.22"]
[EventType "swiss"]
[EventRounds "5"]
[EventCountry "GGB"]

1. d4 c5 2. c3 Nf6 3. Nf3 e6 4. g3 Nc6 5. Bg2 d5 6. O-O Be7 7. Nbd2 O-O 8. Ne5
cxd4 9. Nxc6 bxc6 10. cxd4 c5 11. dxc5 Bxc5 12. e4 Ba6 13. Re1 Qb6 14. Qf3 dxe4
15. Nxe4 Nxe4 16. Rxe4 Bb7 17. Qe2 Bxe4 18. Bxe4 Rac8 19. Rb1 a5 20. a3 a4 21.
Kg2 Bd4 22. Bd2 Rfd8 23. Bb4 Bc5 24. Bc3 Bd4 25. Bb4 f5 26. Bc2 Qc6+ 0-1

[Event "Tradewise Gibraltar AmatWk1"]
[Site "Gibraltar"]
[Date "2018.01.25"]
[Round "4.6"]
[White "Georgieva, Emilia"]
[Black "Lochte, Szilvia"]
[Result "1/2-1/2"]
[WhiteElo "1848"]
[BlackElo "1862"]
[PlyCount "74"]
[EventDate "2018.01.22"]
[EventType "swiss"]
[EventRounds "5"]
[EventCountry "GGB"]

1. d4 d5 2. Nf3 Nf6 3. e3 Bf5 4. Bd3 Bg6 5. Ne5 Bxd3 6. Qxd3 e6 7. Qb5+ Nbd7 8.
Nxd7 Nxd7 9. Qxb7 Bd6 10. Nd2 O-O 11. O-O Nf6 12. f4 c5 13. c3 c4 14. Qa6 Qc7
15. Qa4 Ng4 16. Rf3 f5 17. Nf1 Rab8 18. Qc2 Qb6 19. h3 Nf6 20. Nd2 Qa5 21. Rf2
Rfc8 22. g3 Qc7 23. Rg2 h5 24. Qd1 Qf7 25. Rb1 a5 26. Qc2 Qc7 27. Nf3 Ne4 28.
Bd2 Kf7 29. Rf1 g5 30. Nxg5+ Nxg5 31. fxg5 Bxg3 32. Rxf5+ exf5 33. Qxf5+ Kg7
34. Qf6+ Kg8 35. Qg6+ Kf8 36. Qf6+ Kg8 37. Qg6+ Kf8 1/2-1/2

[Event "Tradewise Gibraltar AmatWk1"]
[Site "Gibraltar"]
[Date "2018.01.25"]
[Round "4.7"]
[White "Pena, Helio Adelino Silva"]
[Black "Mircov, Nicola-Alexandar"]
[Result "0-1"]
[WhiteElo "1894"]
[BlackElo "1754"]
[PlyCount "82"]
[EventDate "2018.01.22"]
[EventType "swiss"]
[EventRounds "5"]
[EventCountry "GGB"]

1. e4 c5 2. Nf3 e6 3. d4 cxd4 4. Nxd4 Nf6 5. Bd3 Nc6 6. Be3 Ne5 7. Nb3 Qc7 8.
h3 d5 9. N1d2 Nc4 10. Bxc4 dxc4 11. Nd4 c3 12. bxc3 Qxc3 13. O-O e5 14. Nb5 Qa5
15. a4 Be6 16. Nb3 Bxb3 17. cxb3 a6 18. Bd2 Qd8 19. Nc3 Qd3 20. Re1 Rd8 21. Ra2
Bb4 22. Re3 Qd4 23. Qe1 O-O 24. Nb1 Bc5 25. Bc3 Qd1 26. Nd2 Qh5 27. Rg3 Bd4 28.
Bb4 Rfe8 29. Kh2 Qh4 30. Qe2 Qf4 31. Qf3 Bxf2 32. Qxf4 exf4 33. Rf3 Bg3+ 34.
Kg1 Nxe4 35. Nf1 Rd1 36. Re2 f5 37. Bc5 Kf7 38. Bb4 g5 39. Rxg3 Nxg3 40. Rf2
Re3 41. Ba5 Rxb3 0-1

[Event "Tradewise Gibraltar AmatWk1"]
[Site "Gibraltar"]
[Date "2018.01.25"]
[Round "4.8"]
[White "Jenssveen, Trym"]
[Black "Cherigui, Mourad"]
[Result "0-1"]
[WhiteElo "1772"]
[BlackElo "1892"]
[PlyCount "112"]
[EventDate "2018.01.22"]
[EventType "swiss"]
[EventRounds "5"]
[EventCountry "GGB"]

1. e4 c5 2. d4 cxd4 3. c3 d3 4. Bxd3 g6 5. Nf3 Nc6 6. Be3 Bg7 7. O-O Qc7 8. Na3
Nf6 9. Nb5 Qb8 10. Qd2 a6 11. Nbd4 Ng4 12. Bf4 Nce5 13. h3 Nxf3+ 14. Nxf3 Ne5
15. Nxe5 Bxe5 16. Bh6 Bf6 17. f4 d6 18. Kh1 Rg8 19. Qf2 Be6 20. Bc2 Qa7 21. Qf3
Qb6 22. Ba4+ Kd8 23. e5 dxe5 24. fxe5 Bxe5 25. Be3 Qc7 26. c4 g5 27. Qf2 Kc8
28. Bb6 Qd6 29. Rad1 Qb4 30. b3 Bc7 31. Bc5 Qc3 32. Bxe7 Qe5 33. g3 Bxh3 34.
Rfe1 Qxg3 35. Qxg3 Bxg3 36. Re3 Bg4 37. Rd5 Bf4 38. Red3 b6 39. Rd8+ Kb7 40.
R8d5 Be6 41. Rd8 Rf8 42. Rxa8 Rxa8 43. Bd8 Bf5 44. Rd1 Bg4 45. Rd3 Bf5 46. Rd1
g4 47. Bh4 g3 48. Re1 b5 49. cxb5 axb5 50. Bxb5 Rxa2 51. Bf1 Rh2+ 52. Kg1 Rxh4
53. Re7+ Kb6 54. Rxf7 Be4 55. Bg2 Bxg2 56. Kxg2 Rh2+ 0-1